Cloud computingové systémy určené pre malé alebo stredné podniky diplomová práca

Saved in:
Bibliographic Details
Main Author: Pušš, Denis
Corporate Author: Fakulta hospodárskej informatiky EU. Katedra aplikovanej informatiky
Other Authors: Sojka, Pavol, 1978-
Format: Book
Language:Slovak
Published: Bratislava 2023
Tags: Add Tag
No Tags, Be the first to tag this record!

MARC

LEADER 00000nbm a2200000 4500
001 0294018
005 20240202091740.2
041 0 |a slo 
044 |a SK 
245 1 0 |a Cloud computingové systémy určené pre malé alebo stredné podniky  |b diplomová práca  |c Denis Pušš ; školiteľ: Pavol Sojka 
264 1 |a Bratislava  |c 2023 
300 |a 68 s. 
100 1 |a Pušš, Denis 
700 1 |a Sojka, Pavol, 1978- 
710 2 |a Fakulta hospodárskej informatiky EU. Katedra aplikovanej informatiky